000
00227nam a2200085Ia 4500
245
0
_a
Liefde in 'n neutedop
100
_a
ZAAYMAN, Heidi Parklands, 2005
_9
18799
942
_c
BK
008
210818s9999 xx 000 0 und d
999
_c
441543
_d
441541